| 000 | 01494nam a2200289 i 4500 | ||
|---|---|---|---|
| 001 | 186157 | ||
| 003 | SpMaBN | ||
| 005 | 20250625165734.0 | ||
| 008 | 160913s2015 sp |||| | spa d | ||
| 020 | _a978-84-15973-48-5 | ||
| 080 | _a821.134.2-32"19/20"(082.2) | ||
| 245 | 0 | 0 |
_aEscrito en el agua _b: antología de relatos húmedos / _c[Virginia Aguilera, Patricia Artero, Eva Balaguer-Cortés, José Luis Blasco, Santi Blasco, Marisa Fanlo, José Esteban ... et al.] ; prólogo de Juan Bolea. |
| 250 | _a1ª ed. en Reino de Cordelia. | ||
| 260 |
_aMadrid : _bReino de Cordelia, _c2015. |
||
| 300 |
_a342 p. ; _c21 cm. |
||
| 490 | 1 |
_aReino de Cordelia ; _v44 |
|
| 505 | 8 |
_aContiene: ; _tEl infiernillo / _rVirginia Aguilera. -- _tDoce segundos de oscuridad / _rPatricia Artero. -- _tEl depredador del pantano / _rEva Balaguer-Cortés. -- _tLa dama del sueño / _rJosé Luis Blasco. -- _tComida para gatos / _rSanti Blasco. -- _tLo que el hombre teme / _rMarisa Fando. -- _tLa sirena de Felipe II / _rJosé Esteban... |
|
| 650 | 7 |
_aCuentos españoles- _yS.XXI. _9143102 |
|
| 700 | 1 |
_aAguilera, Virginia, _d1980- _9160825 |
|
| 700 | 1 |
_aEsteban, José, _d1935- _948033 |
|
| 700 | 1 |
_aBolea, Juan ( _d1959-) _9160826 |
|
| 830 | 0 |
_aReino de Cordelia ; _v44 _9191205 |
|
| 852 |
_aES-MaACL _jA-13849 _9193209 _bR.151104 _cDEPO1 _dOlim: N-6849 _hDonación: José Esteban |
||
| 903 |
_aEsteban, José, _d1935- _ednr _948033 |
||
| 942 |
_2udc _cMONOGRAFIA |
||
| 999 |
_c186157 _d186157 |
||